• 首页
  • 本馆介绍
  • 公告通知
  • 最新文献
  • 馆藏检索
  • 电子资源
  • 读者荐购
  • 参考咨询
  • CALIS
  • 我的图书馆
  • 登录
  • 详细信息显示
  • 放入我的书架
  • 预约/预借图书
  • 作者相关作品
  • 分类相关作品
  • 丛书相关作品
  • 出版社相关作品

书目信息

  • 表格格式
  • 工作单格式
  • 卡片格式
题名:
历史瞬间
    
 
作者: 祝春林 主编
分册:  
出版信息: 北京   群众出版社  1999.10
页数: 637页
开本: 32开
丛书名:
单 册:
中图分类: D631
科图分类:
主题词: 政治--中国
电子资源:
ISBN: 7-5014-2103-X
 
 
 
 
 
000 00530nam0 2200193 45
001 0008161530
005 20000816152315.3
010    @a7-5014-2103-X@d35.00元
100    @a20000816d1999 km y0chiy0120 ea
101 0  @achi
105    @a z 000yy
200 1  @a历史瞬间@ALi Shi Shun Jian@f祝春林 主编@FZhu Chun Lin Zhu Bian
210    @a北京@c群众出版社@d1999.10
215    @a637页@d32开
606 0  @a政治@x中国
690    @aD631@v3
701  0 @a祝春林@4主编
801    @aCN@bPftUser@c20000816
905    @b109015-017@dD631@eW.240@f3
    
    历史瞬间/祝春林 主编.-北京:群众出版社,1999.10
    637页;32开
    
    
    ISBN 7-5014-2103-X:35.00元
    
●
相关链接 在E读中查询图书 在当当中查询图书 在豆瓣中查询图书


正题名:历史瞬间     索取号:D631/W.240         预约/预借

序号 登录号 条形码 馆藏地/架位号 状态 备注
1 109013   201090130   社科库509/422社科库 41排1列1层/ [索取号:D631/W.240] 在馆    
2 109014   201090149   社科库509/509社科库 74排6列2层/ [索取号:D631/W.240] 在馆    
3 109015   201090158   社科库509/509社科库 74排6列2层/ [索取号:D631/W.240] 在馆    
河南城建学院图书馆 欢迎您!
大连网信软件有限公司© 版权所有